All Clubs Mario Balotelli Has Played For - Statistics

General Stats
  • This quiz has been taken 36 times
  • The average score is 8 of 13
Answer Stats
Year Appearances Goals Answer % Correct
2007-2010 59 20 Inter Milan
100%
2010-2013 54 20 Manchester City
100%
2013-2014 43 26 AC Milan
94%
2015-2016(Loan) 20 1 AC Milan
94%
2010-2018(Nationality) 36 14 Italy
84%
2014-2016 16 1 Liverpool
84%
2016-2019 61 33 OGC Nice
71%
2019 15 8 Marseille
55%
2019-2020 19 5 Brescia Calcio
48%
2020-2021 12 5 Monza
42%
2021-2022 33 18 Adana Demirspor
29%
2022-Current 18 6 FC Sion
23%
2006 2 0 F.C. Lumezzane
6%
No matching quizzes found
Score Distribution
Percent of People with Each Score
Percentile by Number Answered
Your Score History
You have not taken this quiz